ARRUPE JESUIT UNIVERSITY

CORONAVIRUS -STOP THE SPREAD - CLEAN,DISINFECT,COVER

Logical foundations of mathematics for behavioral scientists (Record no. 119079)

MARC details
000 -LEADER
fixed length control field 00984cam a22003011 4500
001 - CONTROL NUMBER
control field 9397638
003 - CONTROL NUMBER IDENTIFIER
control field ARRUPE
005 - DATE AND TIME OF LATEST TRANSACTION
control field 20131211020006.0
008 - FIXED-LENGTH DATA ELEMENTS--GENERAL INFORMATION
fixed length control field 740829s1965 nyu b 000 0 eng
010 ## - LIBRARY OF CONGRESS CONTROL NUMBER
LC control number 65014790
035 ## - SYSTEM CONTROL NUMBER
System control number (OCoLC)993294
040 ## - CATALOGING SOURCE
Original cataloging agency DLC
Transcribing agency OWibfU
Modifying agency OCoLC
-- DNLM
-- DLC
042 ## - AUTHENTICATION CODE
Authentication code premarc
050 00 - LIBRARY OF CONGRESS CALL NUMBER
Classification number BF44
Item number .L8
060 0# - NATIONAL LIBRARY OF MEDICINE CALL NUMBER
Classification number BF 44
Item number L8 1965
082 ## - DEWEY DECIMAL CLASSIFICATION NUMBER
Classification number 150.15128
300 ## - PHYSICAL DESCRIPTION
Dimensions 24 cm.
100 1# - MAIN ENTRY--PERSONAL NAME
Personal name Luchins, Abraham S.
9 (RLIN) 5139
245 10 - TITLE STATEMENT
Title Logical foundations of mathematics for behavioral scientists
Statement of responsibility, etc [by] Abraham S. Luchins [and] Edith H. Luchins.
260 ## - PUBLICATION, DISTRIBUTION, ETC. (IMPRINT)
Place of publication, distribution, etc New York,
Name of publisher, distributor, etc Holt, Rinehart and Winston
Date of publication, distribution, etc [1965]
300 ## - PHYSICAL DESCRIPTION
Extent xii, 436 p.
504 ## - BIBLIOGRAPHY, ETC. NOTE
Bibliography, etc Bibliography: p. 394-418.
650 #0 - SUBJECT ADDED ENTRY--TOPICAL TERM
Topical term or geographic name as entry element Mathematics
General subdivision Philosophy.
9 (RLIN) 5140
650 #0 - SUBJECT ADDED ENTRY--TOPICAL TERM
Topical term or geographic name as entry element Logic, Symbolic and mathematical.
9 (RLIN) 5141
650 #0 - SUBJECT ADDED ENTRY--TOPICAL TERM
Topical term or geographic name as entry element Psychology.
9 (RLIN) 20
700 1# - ADDED ENTRY--PERSONAL NAME
Personal name Luchins, Edith Hirsch,
Relator term joint author.
9 (RLIN) 5142
906 ## - LOCAL DATA ELEMENT F, LDF (RLIN)
a 7
b cbc
c oclcrpl
d u
e ncip
f 19
g y-gencatlg
942 ## - ADDED ENTRY ELEMENTS (KOHA)
Source of classification or shelving scheme Library of Congress Classification
Koha item type Monograph ( Printed materials)
Koha issues (borrowed), all copies 1
Holdings
Withdrawn status Lost status Source of classification or shelving scheme Damaged status Not for loan Home library Current library Shelving location Date acquired Total Checkouts Full call number Barcode Date last seen Date checked out Price effective from Koha item type
    Library of Congress Classification     ARRUPE LIBRARY ARRUPE LIBRARY Main Collection 04/12/2013 1 BF44 .L8 464122931 13/09/2016 10/12/2013 04/12/2013 Monograph ( Printed materials)

 

Arrupe Library. PO Box MP320 Mt Pleasant, Harare, Zimbabwe
263 242 745411|librarian@aju.ac.zw